000 00409nam a2200181Ia 4500
008 210210b1954 xxu||||| |||| 00| 0 eng d
041 _aeng
082 _a425/139
100 _aHORNBY (A S)
245 _aEnglish by Radio II
260 _aLondon
_bMacmillan & Co. Ltd.
_c1954
650 _aRadio
650 _aII
650 _aEnglish
650 _aby
690 _aEnglish Language
906 _a005915
999 _c128932
_d128932